[Event "Invitation"]
[Site "http://www.queenalice.com/game.php?id=900363"]
[Date "2011.2.14"]
[Round "-"]
[White "mikeddd013"]
[Black "jeanraposo"]
[Result "0-1"]
[WhiteElo "1617"]
[BlackElo "1097"]

1. e4 e5 2. d4 Bb4+ 3. Bd2 a5 4. dxe5 Nc6 5. Nf3 Nge7 6. Bb5 O-O 7. Bxc6 dxc6 8.
c3 Bc5 9. Ng5 Ng6 10. Qb3 Be6 11. Qxb7 Bb6 12. Qxc6 Bd7 13. Qc4 Be6 14. Nxe6
fxe6 15. Qxe6+ Rf7 16. Na3 Bxf2+ 17. Ke2 Nf8 18. Qc6 Ra7 19. Rhf1 Qd7 20. Qc4 c6
21. Rxf2 Qg4+ 22. Kd3 Rd7+ 23. Ke3 Ne6 24. Qxc6 Qg5+ 25. Ke2 Qxd2+ 26. Kf1 Qxf2#
0-1

[Event "Challenge"]
[Site "http://www.queenalice.com/game.php?id=901489"]
[Date "2011.2.16"]
[Round "-"]
[White "Richtromach"]
[Black "jeanraposo"]
[Result "1-0"]
[WhiteElo "1382"]
[BlackElo "1097"]

1. d4 d5 2. c4 Nf6 3. Nc3 b6 4. e3 e6 5. a3 Nc6 6. c5 bxc5 7. dxc5 Bxc5 8. Bd2
d4 9. Nb5 Ba6 10. b4 Be7 11. Qa4 Ne4 12. Bc1 Qc8 13. Nxd4 Bb7 14. Nxc6 Qd7 15.
b5 Nc3 16. Qc2 Bf6 17. Bb2 a6 18. Bxc3 axb5 19. Bxb5 Bxc6 20. Rd1 Qe7 21. Bxc6+
Kf8 22. Bb4 Ra6 23. Bxe7+ Kxe7 24. Qc5# 1-0

[Event "AUTO-OPEN-2267"]
[Site "http://www.queenalice.com/game.php?id=901641"]
[Date "2011.2.17"]
[Round "1"]
[White "SGF"]
[Black "jeanraposo"]
[Result "1-0"]
[WhiteElo "1709"]
[BlackElo "1074"]

1. e4 e5 2. Qf3 Nf6 3. d3 d5 4. Be2 Bg4 5. Qg3 h5 6. h4 dxe4 7. Qxe5+ Be6 8.
dxe4 Bd6 9. Qb5+ c6 10. Qxb7 Nbd7 11. Qxc6 Rc8 12. Qxd6 Rxc2 13. Na3 Qa5+ 14.
Bd2 Qxd2+ 15. Qxd2 Rxd2 16. Kxd2 Nc5 17. Nb5 O-O 18. Nd6 Rd8 19. e5 Ng4 20. Bxg4
Bxg4 21. f3 Bd7 22. Kc3 Rb8 23. Ne2 Ne6 24. g3 Rb6 25. a4 1-0

[Event "AUTO-OPEN-2267"]
[Site "http://www.queenalice.com/game.php?id=901664"]
[Date "2011.2.17"]
[Round "1"]
[White "Maxi"]
[Black "jeanraposo"]
[Result "1-0"]
[WhiteElo "1862"]
[BlackElo "1083"]

1. d4 e6 2. Bf4 Nf6 3. e3 Ne4 4. Qf3 d5 5. Bd3 c6 6. Bxe4 dxe4 7. Qxe4 Qd5 8.
Qxd5 cxd5 9. Bxb8 Rxb8 10. Nf3 f6 11. a3 a5 12. Nc3 g5 13. g4 b5 14. O-O h5 15.
gxh5 Rxh5 16. Ne2 e5 17. dxe5 Bh3 18. Rfd1 Bg4 19. Kg2 fxe5 20. Rxd5 e4 21. Re5+
Be7 22. Rxe4 Bf5 23. Re5 Bxc2 24. Ned4 Bg6 25. Nc6 Rb7 26. Nxa5 Rc7 27. h3 Kd8
28. Nd4 Bf6 29. Rd5+ Ke7 30. Nxb5 Rd7 31. Rxd7+ Ke6 32. Rad1 1-0

[Event "AUTO-OPEN-2267"]
[Site "http://www.queenalice.com/game.php?id=901666"]
[Date "2011.2.17"]
[Round "1"]
[White "KAXY"]
[Black "jeanraposo"]
[Result "1-0"]
[WhiteElo "1613"]
[BlackElo "1083"]

1. d4 d5 2. e3 Nf6 3. Ne2 e6 4. Ng3 Bb4+ 5. c3 Bd6 6. Be2 Ne4 7. Nxe4 dxe4 8.
Nd2 e5 9. dxe5 Bxe5 10. Nxe4 f5 11. Qxd8+ Kxd8 12. Ng5 Re8 13. O-O Nc6 14. Nf7+
Ke7 15. Nxe5 Nxe5 16. f4 Nc6 17. Bb5 Bd7 18. Bxc6 Bxc6 19. b4 Bb5 20. Rd1 Ba4
21. Rd4 b5 22. e4 Kf8 23. e5 Rac8 24. a3 c5 25. Rd5 Bb3 26. bxc5 Bxd5 27. Be3
Rc6 28. Bd4 Ree6 29. h4 Rh6 30. g3 Rhg6 31. Kh2 Bf3 32. Rb1 Be4 33. Re1 Bf3 34.
Kh3 Ra6 35. Ra1 Bg4+ 36. Kg2 Ra4 37. Kf2 Rc4 38. Ke3 Re6 39. Kd3 Ra4 40. Kc2 1-0

[Event "Challenge"]
[Site "http://www.queenalice.com/game.php?id=905879"]
[Date "2011.2.26"]
[Round "-"]
[White "mikeddd013"]
[Black "jeanraposo"]
[Result "1-0"]
[WhiteElo "1617"]
[BlackElo "1074"]

1. e4 e5 2. d4 Qf6 3. d5 Bc5 4. Qf3 d6 5. Nc3 Bg4 6. Qxf6 Nxf6 7. Nb5 Bb6 8. f3
Bd7 9. Bg5 c6 10. Nxd6+ Kf8 11. Nxb7 Nh5 12. d6 f6 13. Bd2 Bc8 14. g4 Nf4 15. d7
Nxd7 16. Nd6 Bc5 17. Nf5 g6 18. Ne3 f5 19. exf5 Bd4 20. c3 Bb6 21. fxg6 Nc5 22.
Nc4 Nfd3+ 23. Bxd3 Nxd3+ 24. Ke2 Nf4+ 25. Bxf4 Ba6 26. Bh6+ Ke8 27. b3 Bc7 28.
Kd2 hxg6 29. Bg7 Rg8 30. Bxe5 Rd8+ 31. Ke3 Rd7 32. Bf6 Kf7 33. g5 Re8+ 34. Kf2
Rd3 35. Re1 Rxe1 36. Kxe1 Rxc3 37. Bxc3 1-0

[Event "Challenge"]
[Site "http://www.queenalice.com/game.php?id=912507"]
[Date "2011.3.14"]
[Round "-"]
[White "jeanraposo"]
[Black "mikeddd013"]
[Result "0-1"]
[WhiteElo "1074"]
[BlackElo "1621"]

1. e4 e5 2. Qh5 Nf6 3. Qxe5+ Be7 4. Bc4 d6 5. Qd4 Nc6 6. Qd3 Ne5 7. Qd4 c5 8.
Qc3 Be6 9. d4 Nxc4 10. d5 Bxd5 11. exd5 Nb6 12. Qg3 Bf8 13. Nc3 Qe7+ 14. Nge2
Ne4 15. Qe3 Nf6 16. Nb5 Nbxd5 17. Qd2 a6 18. Qa5 b6 19. Qa4 axb5 20. Qxa8+ Qd8
21. Qc6+ Qd7 22. Qa8+ Qd8 23. Qa6 Qd7 24. Nf4 Nxf4 25. Bxf4 Nd5 26. Bd2 Be7 27.
O-O-O O-O 28. c4 Nc7 29. Qa7 Ra8 30. Qb7 Rxa2 31. Qf3 bxc4 32. Kb1 Qa4 33. Qa3
Rxa3 34. bxa3 Qxa3 35. Bc1 Qb3+ 36. Bb2 c3 37. Rd3 Qxb2# 0-1

[Event "Challenge"]
[Site "http://www.queenalice.com/game.php?id=913519"]
[Date "2011.3.16"]
[Round "-"]
[White "jeanraposo"]
[Black "ro_reinert"]
[Result "1-0"]
[WhiteElo "1074"]
[BlackElo "939"]

1. e4 d6 2. Qh5 g6 3. Qg5 Nf6 4. e5 Ne4 5. Qe3 d5 6. Qf4 g5 7. Qf3 Bh6 8. c4 c6
9. d3 Nc5 10. cxd5 cxd5 11. Bd2 O-O 12. d4 Ne6 13. Qf5 Nc6 14. Bd3 Nexd4 15.
Qxh7# 1-0

[Event "AUTO-OPEN-2309"]
[Site "http://www.queenalice.com/game.php?id=916927"]
[Date "2011.3.24"]
[Round "1"]
[White "R0ni"]
[Black "jeanraposo"]
[Result "1-0"]
[WhiteElo "2328"]
[BlackElo "1101"]

1. d4 e6 2. c4 Qh4 3. Nc3 c6 4. Nf3 Qf6 5. e4 d5 6. Bd3 Qg6 7. O-O f6 8. exd5 f5
9. dxe6 Bxe6 10. Qe2 Kf7 11. Ne5+ 1-0

[Event "AUTO-OPEN-2309"]
[Site "http://www.queenalice.com/game.php?id=916928"]
[Date "2011.3.24"]
[Round "1"]
[White "jeanraposo"]
[Black "razoman"]
[Result "0-1"]
[WhiteElo "1083"]
[BlackElo "1958"]

1. e4 c5 2. Qh5 e6 3. c4 Nf6 4. Qf3 Nc6 5. Bd3 Ne5 6. Qg3 Nxd3+ 7. Qxd3 g6 8. e5
Ng8 9. Nf3 Bh6 10. O-O Ne7 11. b3 Nf5 12. g4 Nh4 13. Ne1 Qg5 14. Qg3 O-O 15. f4
Qe7 16. g5 Nf5 17. Qh3 Bg7 18. Ba3 b6 0-1

[Event "AUTO-OPEN-2309"]
[Site "http://www.queenalice.com/game.php?id=916929"]
[Date "2011.3.24"]
[Round "1"]
[White "razoman"]
[Black "jeanraposo"]
[Result "1-0"]
[WhiteElo "1956"]
[BlackElo "1083"]

1. e4 e5 2. Nf3 d6 3. h3 Nf6 4. Bd3 Nc6 5. c3 d5 6. exd5 Nxd5 7. Be4 Nf4 8. O-O
Qd6 9. d3 Qf6 10. Bxf4 exf4 11. Re1 Be7 12. Bxc6+ bxc6 13. Qe2 O-O 14. Qxe7 Be6
15. Qxf6 gxf6 16. c4 Rfd8 17. Rxe6 fxe6 18. d4 Rd7 19. Nc3 Rg7 20. Ne4 Rf7 21.
Nc5 e5 22. dxe5 fxe5 23. Nxe5 Rf5 24. Ned7 Re8 25. Kf1 1-0

[Event "AUTO-OPEN-2309"]
[Site "http://www.queenalice.com/game.php?id=916931"]
[Date "2011.3.24"]
[Round "1"]
[White "salso"]
[Black "jeanraposo"]
[Result "1-0"]
[WhiteElo "1385"]
[BlackElo "1101"]

1. d4 Nc6 2. e3 e5 3. d5 Na5 4. a3 d6 5. b4 Nb3 6. cxb3 c5 7. bxc5 Qf6 8. Bb5+
Bd7 9. Bxd7+ Kxd7 10. c6+ bxc6 11. dxc6+ 1-0